000 00636nam a22002057a 4500
003 OSt
005 20251206005814.0
008 251206b |||||||| |||| 00| 0 eng d
020 _a0-8385-5573-X.
040 _aDWCL-Main lib.
_cOC
082 _24th ed.
_aCirc. 616.075 K26l 1995
100 _aKee, Joyce Lefever
245 _aLaboratory 7 diagnostic tests with nursing implications/
_cJoyce Lefever Kee
250 _a4th ed.
260 _aConn. :
_b Appleton & Lange,
_cc1995.
300 _axix, 680 p. ;
_c 23 cm.
650 _a1. Diagnosis, Laboratory.
650 _a2. Nursing.
942 _2ddc
_cBK-CIRC
_e4th ed.
_hCirc.
_n0
999 _c6969
_d6969